Vidario del año de la peste / (Record no. 197904)
[ view plain ]
| 000 -LEADER | |
|---|---|
| campo de control de longitud fija | 01155nam a22003014a 4500 |
| 001 - NÚMERO DE CONTROL | |
| campo de control | 197904 |
| 003 - IDENTIFICADOR DE NÚMERO DE CONTROL | |
| campo de control | ES-MaACL |
| 005 - FECHA Y HORA DE LA ÚLTIMA TRANSACCIÓN | |
| campo de control | 20251203063036.0 |
| 008 - DATOS DE LONGITUD FIJA--INFORMACIÓN GENERAL | |
| campo de control de longitud fija | 251028b2025 sp ||||| |||| 000 0 spa d |
| 020 ## - NÚMERO INTERNACIONAL ESTÁNDAR DEL LIBRO | |
| Número Internacional Estándar del Libro | 978-84-120414-4-6 |
| 040 ## - FUENTE DE CATALOGACIÓN | |
| Centro catalogador/agencia de origen | ES-MaACL |
| Lengua de catalogación | spa |
| Centro/agencia transcriptor | ES-MaACL |
| Normas de descripción | rda |
| 080 ## - NÚMERO DE LA CLASIFICACIÓN DECIMAL UNIVERSAL | |
| Número de la Clasificación Decimal Universal | 614.46:351.778(460):316.4.063 |
| 080 ## - NÚMERO DE LA CLASIFICACIÓN DECIMAL UNIVERSAL | |
| Número de la Clasificación Decimal Universal | 616.98-036.21:578.834(460)"2020/... " |
| 100 1# - ENTRADA PRINCIPAL--NOMBRE DE PERSONA | |
| Nombre de persona | Piedad, Pepe de |
| 9 (RLIN) | 242444 |
| Término indicativo de función/relación | Autor |
| 245 10 - MENCIÓN DEL TÍTULO | |
| Título | Vidario del año de la peste / |
| Mención de responsabilidad, etc. | Pepe de Piedad |
| 264 #1 - PRODUCCIÓN, PUBLICACIÓN, DISTRIBUCIÓN, FABRICACIÓN Y COPYRIGHT | |
| Producción, publicación, distribución, fabricación y copyright | [Madrid] : |
| Nombre del de productor, editor, distribuidor, fabricante | Ediciones Panacea, |
| Fecha de producción, publicación, distribución, fabricación o copyright | [2025] |
| 300 ## - DESCRIPCIÓN FÍSICA | |
| Extensión | 91 páginas : |
| Otras características físicas | fotografías (blanco y negro) ; |
| Dimensiones | 23 cm |
| 336 ## - TIPO DE CONTENIDO | |
| Fuente | rdacontent |
| Término de tipo de contenido | texto |
| 337 ## - TIPO DE MEDIO | |
| Fuente | rdamedia |
| Nombre/término del tipo de medio | sin mediación |
| 338 ## - TIPO DE SOPORTE | |
| Fuente | rdacarrier |
| Nombre/término del tipo de soporte | volumen |
| 650 #4 - PUNTO DE ACCESO ADICIONAL DE MATERIA--TÉRMINO DE MATERIA | |
| 9 (RLIN) | 242558 |
| Término de materia o nombre geográfico como elemento de entrada | Confinamiento (Política sanitaria)- |
| Subdivisión geográfica | España |
| 650 #4 - PUNTO DE ACCESO ADICIONAL DE MATERIA--TÉRMINO DE MATERIA | |
| 9 (RLIN) | 242323 |
| Término de materia o nombre geográfico como elemento de entrada | Pandemia de la Covid-19, 2020-2023 |
| Subdivisión general | Aspectos sociales |
| Subdivisión geográfica | España |
| 852 ## - LOCALIZACIÓN | |
| Ubicación | ES-MaACL |
| Ubicación en estantería | Depósito 1 |
| Número de control de estantería | A-15836 |
| Encuadernación | Encuadernación rústica |
| itemnumber | 206956 |
| 942 ## - ELEMENTOS DE ENTRADA SECUNDARIOS (KOHA) | |
| Tipo de ítem Koha | Libro impreso |
| Suprimir en OPAC | No |
| Estatus retirado | Estado de pérdida | Fuente del sistema de clasificación o colocación | Estado de daño | No para préstamo | Biblioteca de origen | Biblioteca actual | Ubicación en estantería | Fecha de adquisición | Fuente de adquisición | Total de préstamos | Signatura topográfica completa | Código de barras | Visto por última vez | Precio de reemplazo | Tipo de ítem Koha |
|---|---|---|---|---|---|---|---|---|---|---|---|---|---|---|---|
| Clasificación decimal universal | Biblioteca del Ateneo de Madrid | Biblioteca del Ateneo de Madrid | Depósito 1 | 28/10/2025 | Donación | A-15836 | 2025-1321 | 01/12/2025 | 01/12/2025 | Libro impreso |
